| 000 | 01621nam0a2200421 4500 | ||
|---|---|---|---|
| 001 | RU\NLR\bibl\1890388 | ||
| 005 | 20250616194805.0 | ||
| 010 | _a978-5-397-02076-3 | ||
| 021 |
_aRU _b2012-19681 _91488 |
||
| 035 | _a(nilc)LIBNET\0000180717 | ||
| 035 | _a(NLR Aleph) 001880085 | ||
| 090 |
_a2778804 _c2778804 |
||
| 100 | _a20111116d2012 |||y0rusy50 ca | ||
| 101 | 0 | _arus | |
| 102 | _aRU | ||
| 105 | _aa ||||||||| | ||
| 200 | 1 |
_aГрафен и родственные наноформы углерода _fС. П. Губин, С. В. Ткачев |
|
| 210 |
_aМосква _cURSS _cЛиброком _d2012 |
||
| 215 |
_a101 с. _cил., табл. _d22 |
||
| 300 | _aНа 4-й с. обл. 1-й авт.: С.П. Губин, химик, засл. деят. науки РФ, лауреат Гос. премии СССР | ||
| 320 | _aБиблиогр.: с. 86-101 (204 назв.) | ||
| 606 | 1 |
_aУглеродные нанотрубки _92475554 _3RU\NLR\auth\661469954 |
|
| 606 | 1 |
_aГрафены _92606796 _3RU\NLR\auth\661543354 |
|
| 610 | 1 | _aГРАФен | |
| 610 | 1 | _aМАТЕРИАЛ УГЛЕРОДИСТЫЙ | |
| 610 | 1 | _aНАНОМАТЕРИАЛ | |
| 686 |
_a22.375 _vLBC/RL _2rubbk |
||
| 686 | _aЛ252 | ||
| 686 | _aГ741 | ||
| 700 | 1 |
_aГубин _bС. П. _gСергей Павлович _4070 |
|
| 701 | 1 |
_aТкачев _bС. В. _gСергей Викторович _4070 |
|
| 801 | 0 |
_aRU _bОмская ГОНБ _c20111116 _grcr |
|
| 801 | 1 |
_aRU _bОмская ГОНБ _c20111116 _grcr _2rusmarc |
|
| 801 | 2 |
_aRU _bNLR _c20120409 _grcr |
|
| 830 | _aпо кн | ||
| 942 | _cBOOK | ||
| 980 | _aNB | ||